Crisis económica mundial 1974 - 1975: rasgos generales

Guardat en:
Dades bibliogràfiques
Autor principal: Alvarado Ugarte, Hernán
Format: Text
Publicat: Heredia: Universidad Nacional. Facultad de Ciencias Sociales. Unidad Coordinadora de Investigación y Documentación
Etiquetes: Afegir etiqueta
Sense etiquetes, Sigues el primer a etiquetar aquest registre!

MARC

LEADER 00000 a a2200000 04500
001 23833
003
040
090 |a 168800  
100 |a Alvarado Ugarte, Hernán  
245 |a Crisis económica mundial 1974 - 1975: rasgos generales  
260 |a Heredia:   |b Universidad Nacional. Facultad de Ciencias Sociales. Unidad Coordinadora de Investigación y Documentación  
300 |a 62 p  
999 |c 6458  |d 6458